logo

Bir Sreshtho Munshi Abdur Rouf Library
Jhenaidah Cadet College

Pride and prejudice : (Record no. 10486)

MARC details
000 -LEADER
fixed length control field 00895nam a22002657a 4500
001 - CONTROL NUMBER
JCCL Control Number 10486
003 - CONTROL NUMBER IDENTIFIER
JCCL marc code BD-JhCC
005 - DATE AND TIME OF LATEST TRANSACTION
control field 20180520105244.0
008 - FIXED-LENGTH DATA ELEMENTS--GENERAL INFORMATION
fixed length control field 180430s1966 nbu |||| b||| 000 0 eng d
020 ## - INTERNATIONAL STANDARD BOOK NUMBER
International Standard Book Number 0822010844
035 ## - SYSTEM CONTROL NUMBER
system control number (BD-JhCC)10486
040 ## - CATALOGING SOURCE
Original cataloging agency BD-JhCC
Modifying agency BD-JhCC
041 ## - LANGUAGE CODE
Language code of Book eng
082 ## - DEWEY DECIMAL CLASSIFICATION NUMBER
Classification number 823
Author mark and Year 1966 FIT
100 ## - MAIN ENTRY--PERSONAL NAME
Personal name Fitzwater, Eva
245 ## - TITLE STATEMENT
Title Pride and prejudice :
Remainder of title Notes /
Statement of responsibility, etc Fitzwater, Eva
260 ## - PUBLICATION, DISTRIBUTION, ETC. (IMPRINT)
Place of publication, distribution, etc Lincoln :
Name of publisher, distributor, etc Cliff's Notes,
Date of publication, distribution, etc 1966.
300 ## - PHYSICAL DESCRIPTION
Pagination 71 P. :
Dimensions 21 cm.
504 ## - BIBLIOGRAPHY, ETC. NOTE
Bibliography, etc Includes Bibliographical Reference.
505 ## - FORMATTED CONTENTS NOTE
Formatted contents note CONTENTS: * Life of the author * Introduction to the novel * Brief Synopsis * Chapter Summaries and Commentaries * General Critique * Character Analysis * Questions and Discussion Topics * Bibliography...
600 ## - SUBJECT ADDED ENTRY--PERSONAL NAME
Personal name Pride and prejudice (Austen, Jane)
650 ## - SUBJECT ADDED ENTRY--TOPICAL TERM
Topical term or geographic name as entry element English Fiction
942 ## - ADDED ENTRY ELEMENTS (KOHA)
Source of classification or shelving scheme Dewey Decimal Classification
Koha item type Books
Holdings
Source of classification or shelving scheme Damaged status Not for loan Home library Current library Shelving location Date of accession Cost, normal purchase price Total Checkouts Full call number Barcode Date last seen Copy number Koha item type
Dewey Decimal Classification     JCC Rouf Library JCC Rouf Library General Stacks 04/30/2018 1.00   823 1966 FIT 14106 04/30/2018 C-1 Books

JCC Library | Contacts | JCC Home

Last Update on 23 September 2017
Copyright @ 2017-2020 JCC Rouf Library
Rouf Library, Jhenidah Cadet College (JCC), Bangladesh